Stati confinanti meno estesi - Quiz n°13 - Statistics

Statistiche generali
  • Questo quiz è stato fatto 7 volte
  • Il punteggio medio è 10 su 10
Statistiche sulle risposte
Nazione Nazione confinante meno estesa % Corretto
Turchia Armenia
100%
Azerbaigian Armenia
100%
Corea del Nord Corea del Sud
100%
Norvegia Finlandia
100%
Palestina Israele
100%
Francia Monaco
100%
Moldavia Romania
100%
Uganda Ruanda
100%
Mauritania Senegal
86%
Cina Bhutan
71%
Nessun quiz corrispondente trovato
Distribuzione punteggi
Percentuale di utenti per punteggio
Percentile per numero di risposta
I tuoi punteggi nel tempo
Non hai fatto questo quiz